000 00640nam a2200229Ia 4500
003 OSt
005 20220928115431.0
006 a|||||r|||| 00| 0
007 ta
008 220927b |||||||| |||| 00| 0 eng d
024 _a47462
037 _cTextual
040 _aSDCL
_cSDCL
_beng
041 _2eng
_aeng
082 _aX7.1(X)'N9, N7
100 _aPatel Chandra Kant Ed.
_9444277
245 0 _aFiscal reforms in the least developed countries.
260 _aCheltenham
_bEdward Elgar
_c1997
300 _axi,196p
_ccm.
942 _hX7.1(X)'N9, N7
_cTEXL
_2CC
999 _c759387
_d759387